000 00348nam a2200145Ia 4500
008 230917s9999||||xx |||||||||||||| ||und||
040 _e134723
_aMAIN
041 _aEnglish
082 _a547.139 H987F
100 _aHuyser, Earl S
245 0 _aFree radical chain reaction
260 _aNew York
_bWiley
_c1970
300 _a387 p.
942 _cBK
999 _c145227
_d145227